Giáo trình thực tập đánh giá đất đai

Giáo trình gồm ba phần giới thiệu lý thuyết ứng dụng, phần thực hành và một số kết quả đánh giá đất đai tham khảo.

Bewaard in:
Bibliografische gegevens
Hoofdauteur: Lê, Quang Trí
Formaat: Boek
Taal:Undetermined
Gepubliceerd in: Cần Thơ Đại học Cần Thơ 2006
Onderwerpen:
Tags: Voeg label toe
Geen labels, Wees de eerste die dit record labelt!
Thư viện lưu trữ: Trung tâm Học liệu Trường Đại học Cần Thơ
LEADER 00832nam a2200217Ia 4500
001 CTU_118066
008 210402s9999 xx 000 0 und d
082 |a 631.47 
082 |b Tr300 
100 |a Lê, Quang Trí 
245 0 |a Giáo trình thực tập đánh giá đất đai 
245 0 |c Biên soạn: Lê Quang Trí, Phạm Thanh Vũ 
260 |a Cần Thơ 
260 |b Đại học Cần Thơ 
260 |c 2006 
520 |a Giáo trình gồm ba phần giới thiệu lý thuyết ứng dụng, phần thực hành và một số kết quả đánh giá đất đai tham khảo. 
526 |a Đánh giá đất 
526 |b NN508 
650 |a Soil science,Soil surveys 
904 |i Tuyến 
980 |a Trung tâm Học liệu Trường Đại học Cần Thơ